| 000 | 00708nam a22002537a 4500 | ||
|---|---|---|---|
| 005 | 20230303155630.0 | ||
| 008 | 160307b2014 xxu||||| |||| 00| 0 spa d | ||
| 020 | _a9786073229104 | ||
| 041 | _aESP | ||
| 082 |
_a005.52 _bG248g |
||
| 100 |
_aGaskin, Shelley _970893 |
||
| 100 |
_aVargas, Alicia _970894 |
||
| 245 | _aGo! microsoft Word 2013 | ||
| 260 |
_aMéxico _bPearson Educación _c2014 |
||
| 300 | _a183 páginas | ||
| 650 |
_aPROGRAMAS PARA COMPUTADORAS _970895 |
||
| 650 |
_aWORD 2013 _970896 |
||
| 650 |
_aCREACIÓN DE DOCUMENTOS _970897 |
||
| 650 |
_aTABLAS _970898 |
||
| 650 |
_aPLANTILLAS _970899 |
||
| 650 |
_aARTÍCULOS DE INVESTIGACIÓN _970900 |
||
| 692 |
_CDAE _CSE _CTI |
||
| 942 | _cBK | ||
| 999 |
_c7793 _d7793 |
||